Convergence of per capita output levels across regions of Bangladesh, 1982-97

Na minha lista:
Detalhes bibliográficos
Autor principal: Hossain, Akhtar
Formato: Livro
Idioma:inglês
Publicado em: Washington International Monetary Fund 2000
Colecção:IMF Working Paper WP/00/121
Assuntos:
Tags: Adicionar Tag
Sem tags, seja o primeiro a adicionar uma tag!

MARC

LEADER 00000nam a2200000 4500
001 c124320
005 20221221081853.8
041 0 |a eng 
044 |a US 
245 1 0 |a Convergence of per capita output levels across regions of Bangladesh, 1982-97  |c Akhtar Hossain 
264 1 |a Washington  |b International Monetary Fund  |c 2000 
300 |a 36 s. 
490 1 |a IMF Working Paper  |v WP/00/121 
830 0 |a IMF Working Paper  |v WP/00/121 
610 2 0 |a konvergencia 
610 2 0 |a Bangladéš 
610 2 0 |a 1982-1997 
100 1 |a Hossain, Akhtar